000 00951nam a2200265 a 4500
003 CBULib
005 20250715131550.0
008 170420s2015 ||||||||||||||||| || u
040 _aCBULib
_bEnglish
_cCBULib
_erda
041 _aeng
050 _aCBU(058)MT/2015
110 _aThe Copperbelt University(CBU)
_91351
245 1 4 _aThe Copperbelt University Medical Trust Ltd : annual report : 2015 : submitted to the 23rd annual general meeting
_c/ by The Copperbelt University(CBU)
260 _aKitwe :
_c2015.
_bCopperbelt University,
300 _a40 pages : illustrations
336 _2rdacontent
_aText |
_btxt
337 _2rdamedia
_aUnmediated |
_bn
338 _2rdacarrier
_aVolume
_bnc
650 _aMEDICAL CARE
650 _aQUALITY HEALTH CARE
650 _aHEALTH CARE MANAGEMENT--ZAMBIA
650 _aHEALTH CARE MANAGEMENT--EMPLOYEE--ZAMBIA
942 _2mc
_c030
999 _c38819
_d38819